| 000 | 00826nam a2200289 i 4500 | ||
|---|---|---|---|
| 001 | bg | ||
| 100 | 1 |
_aNOWACKI, Józef _d(1923- ) |
|
| 245 | 1 | 0 |
_aWstęp do prawoznawstwa / _cJózef Nowacki, Zygmunt Tobor. |
| 250 | _aWyd.2. | ||
| 260 |
_aKraków : _b"Zakamycze", _c2002. |
||
| 300 |
_a296, [1] s. ; _c24 cm. |
||
| 490 | 1 | _aSeria Akademicka | |
| 500 | _aNa okł. podtyt.: podręcznik. | ||
| 504 | _aBibliogr. | ||
| 650 | 9 |
_aPrawo _xteoria |
|
| 655 | _aPodręczniki | ||
| 700 | 1 | _aTOBOR, Zygmunt | |
| 830 | _aSeria Akademicka | ||
| 020 | _a8373331352 | ||
| 040 | _cBPK | ||
| 041 | 0 | _apl | |
| 080 | _a340.12(07) | ||
| 920 | _a83-7333-135-2 | ||
| 942 | _cKS | ||
| 008 | s pl f |000 0 pol | ||
| 999 |
_c41816 _d41816 |
||
| 856 |
_uhttp://koha.tu.koszalin.pl/cgi-bin/koha/opac-detail.pl?biblionumber=41816 _yKatalog online BPK |
||